000
00271nam a22001097a 4500
008
170124b xxu||||| |||| 00| 0 eng d
020
_a
9781930598980
041
_a
eng
080
_a
618.2
245
_a
CLINICIAN'S GUIDE TO LABORATORY MEDICINE
_c
DESAI, S.P
942
_2
udc
_c
BK
999
_c
3446
_d
3446